000 00728nam a2200253 i 4500
001 17549
003 ES-MaACL
005 20230906151619.0
007 t|
008 010403s2000 sp ||||1| spa d
020 _a84-339-0599-6
080 _a82.09
100 1 _aBloom, Harold.
_929559
245 1 0 _aCómo leer y por qué /
_cHarold Bloom ; traducción de Marcelo Cohen.
250 _a4ª ed.
260 _aBarcelona :
_bAnagrama,
_c[2000]
300 _a307 p. ;
_c22 cm.
490 1 _aColección Argumentos ;
_v248
650 _aCrítica literaria.
_911448
700 1 _aCohen, Marcelo.
_939506
830 0 _aColección Argumentos ;
_v248
_9178071
852 _aES-MaACL
_jL-24485
_bR.129769
999 _c17549
_d17549